Overpressures in petroleum exploration [Texte imprimé] : April 7th-8th 1998, Pau, France : (Record no. 2948)
[ view plain ]
| 000 -LEADER | |
|---|---|
| fixed length control field | 00901nac a22001931u 4500 |
| 020 ## - INTERNATIONAL STANDARD BOOK NUMBER | |
| International Standard Book Number | 2-901026-49-4 |
| 028 ## - PUBLISHER NUMBER | |
| Source | catalogue.bnf.fr |
| 082 ## - DEWEY DECIMAL CLASSIFICATION NUMBER | |
| Classification number | 622.182 8 . |
| Item number | M6921 |
| 090 ## - LOCALLY ASSIGNED LC-TYPE CALL NUMBER (OCLC); LOCAL CALL NUMBER (OCLC) | |
| -- | 2948 |
| -- | 2948 |
| 100 ## - MAIN ENTRY--PERSONAL NAME | |
| Personal name | Mitchell, Alan . |
| 245 ## - TITLE STATEMENT | |
| Title | Overpressures in petroleum exploration [Texte imprimé] : April 7th-8th 1998, Pau, France : |
| Remainder of title | workshop proceedings / |
| Statement of responsibility, etc | ed. by Alan Mitchell & Dominique Grauls ; organisers, Alan Mitchell,... Dominique Grauls,... Richard Edward Swarbrick,... [et al.] |
| 260 ## - PUBLICATION, DISTRIBUTION, ETC. (IMPRINT) | |
| Place of publication, distribution, etc | France: |
| Name of publisher, distributor, etc | ELF-ep, |
| Date of publication, distribution, etc | c.1998. |
| 300 ## - PHYSICAL DESCRIPTION | |
| Extent | 248p.: |
| Other physical details | ill col; |
| Dimensions | 30cm. |
| 500 ## - GENERAL NOTE | |
| General note | Notes bibliogr. Résumés. - Ouvrage porte par erreur : ISSN 1279-8215 |
| 650 ## - SUBJECT ADDED ENTRY--TOPICAL TERM | |
| Topical term or geographic name as entry element | petroleum. |
| 700 ## - ADDED ENTRY--PERSONAL NAME | |
| Personal name | Grauls ,Dominique. |
| 942 ## - ADDED ENTRY ELEMENTS (KOHA) | |
| Item type | Book - Borrowing |
| Call number prefix | 622.182 8 .M6921 |
| Withdrawn status | Item status | Damaged status | Not for loan | Home library | Current library | Shelving location | Date acquired | Source of acquisition | Total Checkouts | Full call number | Barcode | Date last seen | Koha item type |
|---|---|---|---|---|---|---|---|---|---|---|---|---|---|
| Central Library | Central Library | First floor | 07/03/2012 | Purchase | 622.1828. MIT | 000001200 | 15/07/2025 | Book - Borrowing |